Statistiken für Landeshauptstädte Deutschlands

Klicken Sie hier um das Quiz zu spielen!

Allgemein

  • Dieses Quiz wurde 12.888 mal gespielt
  • Das Durchschnittsergebnis liegt bei 14 aus 16

Antworten auf der Karte

Die Antworten werden auf der Karte rot bzw. grün angezeigt, abhängig davon wie oft sie richtig erraten wurden.
Laden ...
 

Antwortstatistiken

BundeslandBevölkerungHauptstadt% Korrekt
(Stadtstaat)3'375'222Berlin
100%
(Stadtstaat)1'738'366Hamburg
100%
Bayern1'388'308München
100%
(Stadtstaat)546'451Bremen
98%
Baden-Württemberg591'015Stuttgart
95%
Sachsen525'105Dresden
93%
Nordrhein-Westfalen593'682Düsseldorf
92%
Saarland176'996Saarbrücken
92%
Schleswig-Holstein239'866Kiel
91%
Niedersachsen509'485Hannover
88%
Brandenburg159'456Potsdam
86%
Rheinland-Pfalz201'002Mainz
83%
Thüringen203'485Erfurt
80%
Hessen272'636Wiesbaden
79%
Mecklenburg-Vorpommern91'264Schwerin
79%
Sachsen-Anhalt228'910Magdeburg
75%

Verteilung der Resultate

Perzentil nach korrekt beantworteten Fragen

Anzahl Personen mit jedem Resultat

Ihre Resultats-Entwicklung

Sie haben dieses Quiz noch nicht gespielt